000
00224nam a2200097Ia 4500
008
230915s9999 xx 000 0 und d
050
_a
PL8704.P6 A23
100
_a
ABDALLA,ABDILATIF
245
0
_a
SAUTI YA DHIKI
942
_c
BK
999
_c
176402
_d
176402